| 000 | 00783cam a2200253 4500 | ||
|---|---|---|---|
| 001 | ABS64507 | ||
| 008 | 010928n2001 000 0 eng u | ||
| 035 | _a(Sirsi) u114933 | ||
| 245 | _aRegional survey: Bristol | ||
| 260 | _c2001 | ||
| 490 |
_aProperty Week _v66(38) 21 September 2001, 65-89(9) |
||
| 590 | _aABS | ||
| 650 | _aBRISTOL | ||
| 650 | _aBROADMEAD SHOPPING CENTRE | ||
| 650 | _aAVONMOUTH | ||
| 650 | _aPROPERTY-COMMERCIAL PROPERTY-OFFICE PROPERTY-OFFICE PROPERTY MARKET | ||
| 650 | _aINDUSTRIAL MARKET | ||
| 650 | _aPROPERTY-COMMERCIAL PROPERTY-RETAIL PROPERTY-RETAIL PROPERTY MARKET | ||
| 650 | _aLEISURE MARKET | ||
| 650 | _aINVESTMENT MARKET | ||
| 650 | _aPLANNING | ||
| 690 | _aPROPERTY-COMMERCIAL PROPERTY-COMMERCIAL PROPERTY MARKET | ||
| 942 | _n0 | ||
| 999 |
_c68430 _d68430 |
||